Derecho procesal y organización de tribunales (Record no. 142608)

MARC details
000 -LEADER
campo de control de longitud fija 00664nam a2200169 i 4500
001 - NÚMERO DE CONTROL
campo de control 142608
003 - IDENTIFICADOR DE NÚMERO DE CONTROL
campo de control ES-MaACL
007 - CAMPO FIJO DE DESCRIPCIÓN FÍSICA--INFORMACIÓN GENERAL
campo de control de longitud fija t|
008 - DATOS DE LONGITUD FIJA--INFORMACIÓN GENERAL
campo de control de longitud fija 071009q19501959sp ||||1| spa d
100 1# - ENTRADA PRINCIPAL--NOMBRE DE PERSONA
Nombre de persona Viada y López-Puigcerver, Carlos.
9 (RLIN) 114256
245 10 - MENCIÓN DEL TÍTULO
Título Derecho procesal y organización de tribunales
Resto del título : obra ajustada al programa de oposiciones al secretariado de la administración de justicia /
Mención de responsabilidad, etc. Carlos Viada, Higinio Bartolomé, Juan Zubimendi.
260 ## - PUBLICACIÓN, DISTRIBUCIÓN, ETC.
Lugar de publicación, distribución, etc. [Madrid :
Nombre del editor, distribuidor, etc. s.n.,
Fecha de publicación, distribución, etc. 195-?] (
Fabricante Gráf. Clemares)
300 ## - DESCRIPCIÓN FÍSICA
Extensión 2 v. ;
Dimensiones 24 cm.
700 1# - ENTRADA AGREGADA--NOMBRE PERSONAL
Nombre de persona Bartolomé, Higinio.
9 (RLIN) 26162
700 1# - ENTRADA AGREGADA--NOMBRE PERSONAL
Nombre de persona Zubimendi, Julián.
9 (RLIN) 118404
852 ## - LOCALIZACIÓN
Ubicación ES-MaACL
Número de control de estantería B-4679-80
Sublocalización o colección R.36916
Holdings
Estatus retirado Estado de pérdida Estado de daño No para préstamo Biblioteca de origen Biblioteca actual Ubicación en estantería Fecha de adquisición Fuente de adquisición Total de préstamos Signatura topográfica completa Código de barras Visto por última vez Precio de reemplazo Tipo de ítem Koha
        Biblioteca del Ateneo de Madrid Biblioteca del Ateneo de Madrid Sala Pardo Bazán 17/01/2008     B-4679-80 1148384 23/02/2023 23/02/2023 Libro impreso